| 000 | 00628 a2200241 4500 | ||
|---|---|---|---|
| 001 | 200130484 | ||
| 999 |
_c200130484 _d30710 |
||
| 003 | TR-AnTOB | ||
| 005 | 20210413135410.0 | ||
| 008 | 130906b tu 000 0 | ||
| 020 | _a9789944026185 | ||
| 040 | _aTR-AnTOB | ||
| 041 | _atur | ||
| 050 |
_aPL205. _bA83 2011 |
||
| 090 | _aPL205.A83 2011 | ||
| 100 | 1 |
_aAtasoy, Semra _993017 |
|
| 245 | 0 |
_aAhh... turuncu ceylan derisi koltuğum : / _cSemra Atasoy. |
|
| 264 | 1 |
_aAnkara : _bÖzlem Yayınevi, _c2011. |
|
| 300 |
_a96 sayfa ; _c20 cm. |
||
| 504 | _aBibliyografya (s. 96). | ||
| 650 | 0 | 7 |
_aKadınlar _2etuturkob _911649 |
| 942 | _cBK | ||